składy pge ekstraliga 2021 - Statystyki

Ogólne statystyki
  • Ten quiz został rozwiązany 86 razy
  • Średni wynik to 41 z 71
Statystyki odpowiedzi
Hint Odpowiedź % Poprawnych
zmarzlik
95%
hampel
93%
łaguta
92%
łaguta
92%
zielona góra dudek
88%
kubera
88%
lampart
85%
madsen
85%
vaculik
85%
pedersen
83%
michelsen
82%
thomsen
82%
janowski
80%
pawlicki
80%
pawlicki
80%
woffinden
80%
cierniak
78%
kołodziej
78%
lindgren
78%
toruń holder
75%
holder
75%
lambert
75%
protasiewicz
75%
przedpełski
75%
kowalski
73%
smektała
72%
woźniak
72%
wrocław bewley
70%
miśkowiak
70%
sayfutdinov
70%
woryna
70%
fricke
65%
zagar
65%
leszno doyle
62%
jasiński
62%
lewandowski
62%
lidsey
60%
świdnicki
60%
grudziądz bartkowiak
58%
kasprzak
58%
ratajczak
58%
miedziński
57%
chugunov
55%
pludra
53%
bjerre
50%
lublin buczkowski
50%
tonder
47%
curzytek
45%
karczmarz
45%
krakowiak
45%
liszka
42%
częstochowa jeppesen
38%
zieliński
38%
pawliczak
37%
miesiąc
33%
panicz
32%
sadurski
32%
żupiński
32%
ragus
30%
pytlewski
27%
szlauderbach
27%
tufft
27%
lakhbaum
25%
karion
23%
osyczka
23%
gorzów birkemose
22%
nowacki
22%
ralcewicz
17%
marciniec
15%
orgacki
13%
wysocki
13%
Nie znaleziono quizów pasujących do podanych kryteriów
Rozkład punktacji
Procent ludzi z każdym wynikiem
Percentyl według liczby udzielonych odpowiedzi
Twoja historia wyników
Nie rozwiązałeś tego quizu